A Visitor's reflections on HMI''s ministry of Reconciliation (Record no. 21814)
[ view plain ]
| 000 -LEADER | |
|---|---|
| fixed length control field | 00359nam a2200109Ia 4500 |
| 100 ## - MAIN ENTRY--AUTHOR NAME | |
| Author name | Frank Jurgen |
| 245 #2 - TITLE STATEMENT | |
| Title | A Visitor's reflections on HMI''s ministry of Reconciliation |
| 500 ## - GENERAL NOTE | |
| General note | The Bulletin of Henry Martyn school of Islamic Studies Jan -June 1993 |
| 650 ## - SUBJECT ADDED ENTRY--TOPICAL TERM | |
| Topical Term | Henry Martyn Institute |
| 942 ## - ADDED ENTRY ELEMENTS (KOHA) | |
| Koha item type | Book Reviews |
No items available.
